प्रस्थिति-चार : (Record no. 114267)

MARC details
000 -LEADER
fixed length control field 01369nam a22002777a 4500
005 - DATE AND TIME OF LATEST TRANSACTION
control field 20170124103005.0
010 ## - LIBRARY OF CONGRESS CONTROL NUMBER
LC control number 718760
020 ## - INTERNATIONAL STANDARD BOOK NUMBER
Terms of availability 05.00
035 ## - SYSTEM CONTROL NUMBER
System control number 718760
037 ## - SOURCE OF ACQUISITION
Source of stock number/acquisition Cen Lib/Ret
040 ## - CATALOGING SOURCE
Original cataloging agency DPL
Language of cataloging HN
082 ## - DEWEY DECIMAL CLASSIFICATION NUMBER
Classification number
Item number प्रस्थिति
245 ## - TITLE STATEMENT
Title प्रस्थिति-चार :
Statement of responsibility, etc सम्पादक गुर इकबालसिंह [और] प्रेम सक्सेना
Remainder of title राजस्थान के सृजन-शील शिक्षकों का कहानी संग्रह /
246 ## - VARYING FORM OF TITLE
Title proper/short title Prasthiti-chaar : Rajasthan ke srijan-sheel shikshakon ka kahani sangreh /
Remainder of title sampadak Gur Ikbalsingh [and] Prem Saksena
260 ## - PUBLICATION, DISTRIBUTION, ETC. (IMPRINT)
Place of publication, distribution, etc बीकानेर
Name of publisher, distributor, etc कल्पना प्रकाशन
Date of publication, distribution, etc 1972
270 ## - ADDRESS
Address कृष्ण कुंज
City बीकानेर
300 ## - PHYSICAL DESCRIPTION
Extent 162पृ.
Dimensions 22सेमी (सजिल्द)
500 ## - GENERAL NOTE
General note अनुक्रमाणिका शामिल
650 ## - SUBJECT ADDED ENTRY--TOPICAL TERM
Topical term or geographic name as entry element हिन्दी -- साहित्य
9 (RLIN) 56138
650 ## - SUBJECT ADDED ENTRY--TOPICAL TERM
Topical term or geographic name as entry element हिन्दी -- कहानी
9 (RLIN) 779
650 ## - SUBJECT ADDED ENTRY--TOPICAL TERM
Topical term or geographic name as entry element Hindi -- Literature
9 (RLIN) 56139
650 ## - SUBJECT ADDED ENTRY--TOPICAL TERM
Topical term or geographic name as entry element Hindi -- story
9 (RLIN) 43117
700 ## - ADDED ENTRY--PERSONAL NAME
Personal name गुर इकबालसिंह
9 (RLIN) 56140
700 ## - ADDED ENTRY--PERSONAL NAME
Personal name सक्सेना, प्रेम
9 (RLIN) 56141
942 ## - ADDED ENTRY ELEMENTS (KOHA)
Source of classification or shelving scheme Dewey Decimal Classification
Koha item type Hindi Books
Classification part
Call number suffix प्रस्थिति
Holdings
Withdrawn status Lost status Damaged status Not for loan Home library Current library Date acquired Source of acquisition Cost, normal purchase price Total Checkouts Full call number Barcode Date last seen Copy number Cost, replacement price Price effective from Koha item type Public note
Written off       Central Library Central Library 17/08/2015 Cen Lib/Ret 5.00   क प्रस्थिति 718760 17/08/2015 1 5.00 17/08/2015 Hindi Books Written off on approval by DLB (By Circulation); dtd 20.12.2022

© Delhi Public Library
Hit Counter
free hit counter